| 000 | 01250nam0a22002411 4500 | ||
|---|---|---|---|
| 001 | rc\4232022 | ||
| 005 | 20250611142223.0 | ||
| 035 | _a(NLR Aleph) 008227104 | ||
| 090 |
_a8192849 _c8192849 |
||
| 100 | _a20130416d1967 |||y0rusy50 ca | ||
| 101 | 0 | _arus | |
| 102 | _aRU | ||
| 105 | _aa z ||||| | ||
| 200 | 1 |
_aАктуальные вопросы практической медицины _eКлиника диагностика, лечение важнейших заболеваний и травм _e[Сборник статей] _e[50-летию Великой Октябрьской соц. революции и 260-летию Гл. воен. госпиталя им. акад. Н.Н. Бурденко посвящается _fРед. коллегия: засл. врач РСФСР д-р, мед. наук ген.-майор мед. службы М.И. Теодори] [и др.] _gГл. воен. госпиталь им. акад. Н.Н. Бурденко |
|
| 210 |
_aМосква _cБ. и. _d1967 |
||
| 215 |
_a184 с. _cил. _d27 |
||
| 333 | _aПродаже не подлежит | ||
| 702 | 1 |
_aТеодори _bМ.И. _4340 |
|
| 801 | 0 |
_aRU _bNLR _gpsbo |
|
| 801 | 1 |
_aRU _bELAR _2rusmarc |
|
| 852 |
_aNLR _j50К/12534 |
||
| 942 | _cBOOK | ||
| 980 | _aNB | ||